000 00195nam a22000857a 4500
041 _aENG
245 _aDesing Practies of Irrigation Cahals in The Wrid
260 _aDelhi
_bICID
_c1972
300 _a276
999 _c3168
_d3168